Morse Code Translator - Statistics

General Stats
  • This quiz has been taken 112 times
  • The average score is 10 of 15
Answer Stats
Hint Answer % Correct
-.-. .- .-. Car
100%
-... --- - - .-.. . Bottle
87%
.... .- - Hat
87%
.-. .- .. .-.. Rail
84%
--.. --- --- Zoo
83%
-... .- .-.. .-.. Ball
81%
.... --- ..- ... . House
80%
-.-. .- - Cat
78%
-.-. --- -- .--. ..- - . .-. Computer
74%
.-. .- - Rat
74%
.... --- .-. ... . Horse
72%
.-.. .. --. .... - Light
54%
- .- -... .-.. . Table
43%
. .-.. . -.-. - .-. .. -.-. .. - -.-- Electricity
28%
.-- .. -. -.. --- .-- Window
20%
No matching quizzes found
Score Distribution
Percent of People with Each Score
Percentile by Number Answered
Your Score History
You have not taken this quiz